| Tag |
First Indicator |
Second Indicator |
Subfields |
| LEADER |
00000cam a2200000 4500 |
| 001 |
in00000999913 |
| 005 |
20150927185804.0 |
| 008 |
830725r19581982enk 00011 eng d |
| 010 |
|
|
|a gb 83029698
|z 82009836
|
| 015 |
|
|
|a GB83-29698
|
| 020 |
|
|
|a 0140063250 (pbk) :
|c £1.50
|
| 035 |
|
|
|a (OCoLC)16597926
|
| 035 |
|
|
|9 AEZ8544AM
|
| 040 |
|
|
|a UKM
|c UKM
|d m.c.
|d TXA
|d UtOrBLW
|
| 049 |
|
|
|a TXA1 [MYST]
|
| 082 |
0 |
|
|a 823/.912
|2 19
|
| 090 |
|
|
|a PR6025.O46
|b F73 1958
|
| 100 |
1 |
|
|a Crispin, Edmund,
|d 1921-1978.
|
| 245 |
1 |
0 |
|a Frequent hearses /
|c Edmund Crispin.
|
| 264 |
|
1 |
|a Harmondsworth :
|b Penguin,
|c 1958
|
| 264 |
|
3 |
|c 1982 [printing]
|
| 300 |
|
|
|a 224 pages ;
|c 19 cm.
|
| 336 |
|
|
|a text
|b txt
|2 rdacontent
|
| 337 |
|
|
|a unmediated
|b n
|2 rdamedia
|
| 338 |
|
|
|a volume
|b nc
|2 rdacarrier
|
| 500 |
|
|
|a Originally published: London : Gollancz, 1950.
|
| 653 |
|
|
|a Fiction in English, 1900-1945 - Texts
|
| 999 |
|
|
|a MARS
|
| 999 |
f |
f |
|s 0cff9da0-f984-3afb-b5b4-9dc0e2463284
|i 3526f0e6-7def-3c97-86a9-a75973ecddaf
|t 0
|
| 952 |
f |
f |
|p noncirc
|a Texas A&M University
|b College Station
|c Cushing Memorial Library & Archives
|d Cushing: Literature/Bibliomysteries (Does not check out)
|t 0
|e PR6025.O46 F73 1958
|h Library of Congress classification
|i unmediated -- volume
|
| 998 |
f |
f |
|a PR6025.O46 F73 1958
|t 0
|l Cushing: Literature/Bibliomysteries (Does not check out)
|